Вып. 20; Экономика и организация промышленного производства

Bibliographic Details
Parent link:Экономика и организация промышленного производства: республиканский межведомственный научно-технический сборник. Вып. 20.— , 1965-1992
Other Authors: Олейник С. У. Станислав Ульянович (редактор)
Language:Russian
Published: 1984
Subjects:
Format: Book
KOHA link:https://koha.lib.tpu.ru/cgi-bin/koha/opac-detail.pl?biblionumber=295986

MARC

LEADER 00000nam2a2200000 4500
001 295986
005 20231102000849.0
020 |a RU  |b 84-15232ж 
035 |a (RuTPU)RU\TPU\book\321079 
090 |a 295986 
100 |a 20150527d1994 km y0rusy5003 ca 
101 0 |a rus 
102 |a UA 
105 |a a z 001zy 
200 0 |a Вып. 20 
210 |d 1984 
215 |a 90 с.  |c ил. 
320 |a Библиография в конце статей 
461 1 |0 (RuTPU)RU\TPU\book\148419  |t Экономика и организация промышленного производства  |o республиканский межведомственный научно-технический сборник  |v Вып. 20  |d 1965-1992 
606 1 |a Промышленность  |x Экономика  |2 stltpush  |3 (RuTPU)RU\TPU\subj\36779  |9 58034 
610 1 |a промышленные предприятия 
610 1 |a организация производства 
610 1 |a технико-экономические показатели 
610 1 |a нормативы 
610 1 |a экономическая эффективность 
610 1 |a материальные ресурсы 
610 1 |a основные фонды 
610 1 |a оборотные средства 
610 1 |a научно-технический прогресс 
675 |a 658  |z rus 
702 1 |a Олейник  |b С. У.  |g Станислав Ульянович  |4 340 
801 0 |a RU  |b RuMRKP  |c 19950704  |g psbo 
801 1 |a RU  |b 63413507  |c 20150527 
801 2 |a RU  |b 63413507  |c 20180529  |g RCR 
942 |c BK